Normal view
MARC view
Entry Personal Name
001 - CONTROL NUMBER
- control field: 34748
003 - CONTROL NUMBER IDENTIFIER
- control field: dpl
005 - DATE AND TIME OF LATEST TRANSACTION
- control field: 20110915161704.0
008 - FIXED-LENGTH DATA ELEMENTS
- fixed length control field: 110915|||a|||||| | ||| d
040 ## - CATALOGING SOURCE
- Original cataloging agency: dpl
- Transcribing agency: dpl
100 ## - HEADING--PERSONAL NAME
- Personal name: Yesh Pal
670 ## - SOURCE DATA FOUND
- Source citation: Work cat.: (dpl): 34730, Research methodology in management :, 2011
670 ## - SOURCE DATA FOUND
- Source citation: Work cat.: (dpl): 34730, Research methodology in management :, 2011
